[Event "23rd World Seniors 2013"]
[Site "Opatija CRO"]
[Date "2013.11.13"]
[Round "2.87"]
[White "Catania,Duane"]
[Black "Wibe,P"]
[Result "1-0"]
[WhiteElo "2029"]
[BlackElo "1819"]

1.e4 c5 2.Nf3 d6 3.Bb5+ Bd7 4.Bxd7+ Qxd7 5.O-O Nc6 6.Re1 g6 7.c3 Bg7 8.d4 cxd4
9.cxd4 Rc8 10.Nc3 Nf6 11.Bg5 h6 12.Be3 b6 13.Qe2 O-O 14.Rad1 Qb7 15.d5 Na5
16.Bd4 Nd7 17.Bxg7 Kxg7 18.e5 Nc4 19.exd6 exd6 20.b3 Rfe8 21.Qd3 Nb2 22.Qd4+ Ne5
23.Nb5 Qd7 24.Nxd6 Qxd6 25.Qxb2 f6 26.Nxe5 Rxe5 27.Rxe5 Qxe5 28.Qd2 Rd8 29.g3 g5
30.Re1 Qxd5 31.Qxd5 Rxd5 32.Re7+ Kg6 33.Rxa7 Rb5 34.Kf1 Kf5 35.Ke2 Kg4 36.Rh7 h5
37.f3+ Kh3 38.Rxh5+ Kg2 39.f4 Ra5 40.fxg5 Rxa2+ 41.Kd3 Ra5 42.b4 Rxg5 43.Rxg5 fxg5
44.h4 g4 45.h5 Kxg3 46.h6 Kf2 47.h7 g3 48.h8=Q g2  1-0

[Event "World Seniors w 2013"]
[Site "Opatija CRO"]
[Date "2013.11.14"]
[Round "3.8"]
[White "Milligan,H"]
[Black "Khalturina,T"]
[Result "1/2-1/2"]
[WhiteElo "1977"]
[BlackElo "1823"]

1.e4 c5 2.Nf3 d6 3.Bb5+ Bd7 4.Bxd7+ Nxd7 5.Qe2 e6 6.O-O Be7 7.c3 Ngf6 8.d4 O-O
9.Nbd2 a6 10.a4 b5 11.Rd1 c4 12.Nf1 d5 13.Ng3 Nxe4 14.Nxe4 dxe4 15.Qxe4 Nc5
16.Qe2 Nb3 17.Rb1 Qd5 18.axb5 axb5 19.Bf4 h6 20.Re1 b4 21.Qe5 Bf6 22.Qe3 bxc3
23.bxc3 Ra2 24.Be5 Bxe5 25.Nxe5 Rfa8 26.Re2 Ra1 27.Rxa1 Rxa1+ 28.Re1 Rxe1+
29.Qxe1 Qb5 30.h3 f6 31.Nf3 Kf7 32.Qe3 Qd5 33.Qf4 Na5 34.Qc7+ Kg8 35.h4 Kh7
36.Qf7 h5 37.Qc7 Nc6 38.Qf7 Nd8 39.Qe8 Nc6 40.Nd2 Na5 41.Nf1 Nb3 42.Ne3 Qe4
43.Qxh5+ Kg8 44.Qe8+ Kh7 45.h5 Nd2 46.Qb5 Qd3 47.Qe8 Qe4 48.Qa4 Qd3 49.Qe8  1/2-1/2

[Event "Chinese Teams 2013"]
[Site "Shijiazhuang CHN"]
[Date "2013.11.14"]
[Round "18.5"]
[White "Wang,Yiye"]
[Black "Xiu Deshun"]
[Result "1-0"]
[WhiteElo "2392"]
[BlackElo "2575"]

1.e4 c5 2.Nf3 d6 3.Bb5+ Nd7 4.c4 Nf6 5.Nc3 g6 6.d4 cxd4 7.Qxd4 Bg7 8.c5 dxc5
9.Qxc5 O-O 10.Qa3 Nb6 11.Bf4 Bg4 12.Rd1 Qc8 13.Qxe7 Nc4 14.Bxc4 Qxc4 15.Ne5 Qe6
16.Qxe6 Bxe6 17.Nd3 Bc4 18.f3 Nh5 19.Be5 f6 20.Bd6 Rfd8 21.Nf2 f5 22.g4 fxg4
23.Nxg4 Bxc3+ 24.bxc3 Bxa2 25.Kf2 Be6 26.h3 Rac8 27.Be5 Kf7 28.Ke3 a5 29.Rxd8 Rxd8
30.Rb1 Rd7 31.Bd4 Rc7 32.Ra1 b6 33.Bxb6 Rxc3+ 34.Kd2 Rb3 35.Bxa5 Nf4 36.Bc3 Rb7
37.Ne5+ Ke7 38.h4 Rc7 39.Ra8 Ng2 40.Rh8 Kd6 41.Rd8+ Ke7 42.Rh8 Kd6 43.Nd3 Rf7
44.Bb4+ Kc7 45.Ne5 Rg7 46.Bf8 Rg8 47.Rxh7+ Kb6 48.Be7 Ra8 49.Rh6 Ra2+ 50.Kc3 Nf4
51.Bg5 Ra3+ 52.Kd2 Ra2+ 53.Ke3 Ng2+ 54.Kd4 Ra4+ 55.Kc3 Kb5 56.Rxg6 Ra3+ 57.Kb2 Ra2+
58.Kb1 Bb3 59.Bd8 Rd2 60.Rb6+ Ka4 61.Ra6+ Kb5 62.Rb6+ Ka4 63.Be7 Rd4 64.Kb2 Bd1
65.Ra6+ Kb5 66.Ra5+ Kxa5 67.Nc6+ Kb5 68.Nxd4+ Kc4 69.Nc6 Bxf3 70.Ne5+ Kd4
71.Nxf3+ Kxe4 72.h5 Nf4 73.Ng5+ Kf5 74.h6 Ng6 75.h7 Nh8 76.Kc3 Kg6 77.Kd4 Kg7
78.Ke4 Kg6 79.Ke5 Kh6 80.Kf6 Ng6 81.Bf8+  1-0

[Event "Chinese Teams 2013"]
[Site "Shijiazhuang CHN"]
[Date "2013.11.14"]
[Round "18.1"]
[White "Zeng,C"]
[Black "Lu Shanglei"]
[Result "1/2-1/2"]
[WhiteElo "2497"]
[BlackElo "2550"]

1.e4 c5 2.Nf3 d6 3.Bb5+ Nd7 4.d4 cxd4 5.Qxd4 a6 6.Bxd7+ Bxd7 7.c4 e5 8.Qd3 h6
9.Nc3 Nf6 10.O-O Rc8 11.a4 Be7 12.b3 O-O 13.Ba3 Qa5 14.Rfc1 Rfd8 15.Nd2 Bf8
16.Nf1 Be6 17.Ne3 d5 18.exd5 Bxa3 19.Rxa3 Bxd5 20.Nexd5 Nxd5 21.cxd5 Rxd5
22.b4 Rxd3 23.bxa5 e4 24.Kf1 f5 25.Ke2 Rc6 26.f3 h5 27.fxe4 fxe4 28.Rb3 Kh7
29.Rc2 Kg8 30.Rc1 Kh7 31.g3 Kg8 32.Kf2 Rf3+ 33.Kg2 Kh7 34.Kh3 Rd3 35.Rxb7 Rdxc3
36.Rxc3 Rxc3 37.Rb6 Rc4  1/2-1/2

[Event "23rd World Seniors 2013"]
[Site "Opatija CRO"]
[Date "2013.11.15"]
[Round "4.51"]
[White "Ramos,C"]
[Black "Beltz,Robert"]
[Result "1/2-1/2"]
[WhiteElo "2009"]
[BlackElo "2208"]

1.e4 c5 2.Nf3 d6 3.Bb5+ Bd7 4.Bxd7+ Qxd7 5.O-O Nc6 6.c3 Nf6 7.Re1 e5 8.d4 Be7
9.d5 Na5 10.Nbd2 b5 11.a4 b4 12.c4 O-O-O 13.Nb3 Nxb3 14.Qxb3 a5 15.Ng5 Rdf8
16.Qh3 h6 17.Qxd7+ Kxd7 18.Nf3 g6 19.b3 Ne8 20.Nd2 Bg5 21.g3 h5 22.Nf3 Bxc1
23.Raxc1 f5 24.Ng5 fxe4 25.Rxe4 Ng7 26.f4 exf4 27.gxf4 Re8 28.Rce1 Rxe4 29.Rxe4 Re8
30.Rxe8 Kxe8 31.Kf2 Ke7 32.Kf3 Nf5 33.Ne6 Kf6  1/2-1/2

[Event "10th European Teams w"]
[Site "Warsaw POL"]
[Date "2013.11.15"]
[Round "7.16"]
[White "Stoeri,L"]
[Black "Solic,K"]
[Result "1-0"]
[WhiteElo "2102"]
[BlackElo "2250"]

1.e4 c5 2.Nf3 d6 3.Bb5+ Nd7 4.O-O Nf6 5.Re1 a6 6.Bxd7+ Bxd7 7.c3 e6 8.d4 cxd4
9.cxd4 d5 10.e5 Ne4 11.Nbd2 Nxd2 12.Bxd2 Be7 13.Rc1 O-O 14.Qb3 Bc6 15.Bb4 Rc8
16.Rc3 Re8 17.Bxe7 Qxe7 18.Rec1 h6 19.h3 Qd7 20.Qc2 Qd8 21.Qd2 Qd7 22.Nh2 Qe7
23.Ng4 Kh7 24.Rf3 Rg8 25.Rcc3 Rc7 26.Rf6 Qf8 27.Rg3 g6 28.Rgf3 Rh8 29.Rxg6 Kxg6
30.Nf6 Bb5 31.Qf4  1-0

[Event "TCh-AUT 2nd Mitte 2013-14"]
[Site "Gleisdorf AUT"]
[Date "2013.11.16"]
[Round "4.2"]
[White "Kuba,G"]
[Black "Pilaj,H"]
[Result "1/2-1/2"]
[WhiteElo "2378"]
[BlackElo "2355"]

1.e4 c5 2.Nf3 d6 3.Bb5+ Bd7 4.Bxd7+ Qxd7 5.c4 Nf6 6.Nc3 g6 7.d4 cxd4 8.Nxd4 Bg7
9.h3 O-O 10.Be3 Nc6 11.O-O Rfc8 12.b3 a6 13.a4 Qd8 14.Rc1 Nxd4 15.Bxd4 Nd7
16.Bxg7 Kxg7 17.Re1 Rc5 18.Qd4+ Kg8 19.Red1 Rac8 20.Qe3 Nf6 21.Rd4 Qf8 22.Rcd1 Nd7
23.Qe2 R5c6 24.Qe3 Rc5 25.Qe2 R5c6 26.Qe3 Rc5  1/2-1/2

[Event "4NCL 2013-14"]
[Site "Hinckley ENG"]
[Date "2013.11.16"]
[Round "1.176"]
[White "Maroroa,S"]
[Black "Reimaa,S"]
[Result "1-0"]
[WhiteElo "2097"]
[BlackElo "2141"]

1.e4 c5 2.Nf3 d6 3.Bb5+ Bd7 4.Bxd7+ Nxd7 5.O-O g6 6.c3 Bg7 7.d4 Qb6 8.Na3 cxd4
9.cxd4 Rc8 10.b3 Ngf6 11.Nc4 Rxc4 12.bxc4 Nxe4 13.Qa4 Qc6 14.Qxc6 bxc6 15.Re1 f5
16.Rb1 Nb6 17.c5 dxc5 18.dxc5 Nxc5 19.Ba3 Ne4 20.Ng5 Bc3 21.Re2 Nxg5 22.Rxe7+ Kd8
23.Rxa7 Nc8 24.Rd1+ Ke8 25.Rc7 Ne4 26.Rxc8+ Kf7 27.Rc7+ Ke6 28.Rxc6+ Ke5
29.Rxc3 Nxc3 30.Bb2 Rc8 31.Rd3  1-0

[Event "2nd Istanbul-Cologne Match"]
[Site "Istanbul TUR"]
[Date "2013.11.16"]
[Round "1.2"]
[White "Seul,G"]
[Black "Atakisi,U"]
[Result "1/2-1/2"]
[WhiteElo "2412"]
[BlackElo "2356"]

1.e4 c5 2.Nf3 d6 3.Bb5+ Bd7 4.Bxd7+ Qxd7 5.O-O Nf6 6.Qe2 Nc6 7.Rd1 g6 8.c3 Bh6
9.d4 Bxc1 10.Rxc1 cxd4 11.cxd4 d5 12.e5 Ne4 13.Nc3 Nxc3 14.Rxc3 O-O 15.Rac1 Rac8
16.h3 e6 17.Qd2 Qe7 18.Qh6 f6 19.a3 Rcd8 20.Qe3 Rd7 21.exf6 Qxf6 22.Re1 Re7
23.Ne5 Nxe5 24.dxe5 Qf4 25.Qc5 Rc7 26.Qxf8+ Kxf8 27.Rxc7 Qd2 28.Re3 Qxb2
29.Rf3+ Kg8 30.Rff7 Qa1+ 31.Kh2 Qxe5+ 32.f4 Qe3 33.Rxb7 a5 34.Rg7+ Kf8 35.Rgf7+ Kg8
36.Rbc7 d4 37.Rg7+ Kf8 38.Rgf7+ Kg8 39.Rfd7 Qxf4+ 40.Kg1 Qe3+ 41.Kf1 Qd3+
42.Ke1 Qe3+ 43.Kf1 Qf4+ 44.Ke2 Qe3+ 45.Kd1 Qd3+ 46.Ke1 Qe3+ 47.Kf1  1/2-1/2

[Event "10th European Teams w"]
[Site "Warsaw POL"]
[Date "2013.11.16"]
[Round "8.4"]
[White "Havlikova,K"]
[Black "Cmilyte,V"]
[Result "0-1"]
[WhiteElo "2237"]
[BlackElo "2506"]

1.e4 c5 2.Nf3 d6 3.Bb5+ Nd7 4.c3 Nf6 5.Qe2 a6 6.Ba4 g6 7.O-O b5 8.Bc2 Bg7
9.d4 cxd4 10.cxd4 O-O 11.e5 Nd5 12.e6 N7b6 13.Ng5 f5 14.Nc3 Nxc3 15.bxc3 Rf6
16.Re1 h6 17.Nf7 Qf8 18.Bb3 d5 19.Qf3 Bxe6 20.Ne5 Kh7 21.Ba3 Rc8 22.Bc5 Qd8
23.Bxb6 Qxb6 24.Bxd5 Qc7 25.Rac1 Bxd5 26.Qxd5 b4 27.Nd3 bxc3 28.Nc5 Rd6 29.Qf7 e6
30.Qxc7 Rxc7 31.Nxe6 Rc4 32.g3 Bf6 33.Rc2 Kg8 34.Kg2 Kf7 35.Nf4 Rdxd4 36.Re3 Rd2
37.Re2 g5 38.Rexd2 cxd2 39.Rxc4 d1=Q 40.Rc7+ Be7  0-1

[Event "10th European Teams w"]
[Site "Warsaw POL"]
[Date "2013.11.16"]
[Round "8.16"]
[White "Thorsteinsdottir,H"]
[Black "Jelica,M"]
[Result "0-1"]
[WhiteElo "1951"]
[BlackElo "2252"]

1.e4 c5 2.Nf3 d6 3.Bb5+ Nd7 4.d4 Nf6 5.O-O Nxe4 6.Re1 Nf6 7.dxc5 dxc5 8.Bc4 e6
9.Ng5 Be7 10.Bxe6 O-O 11.Bb3 h6 12.Nf3 Re8 13.Bf4 b5 14.Nc3 Ba6 15.Nd5 Rc8
16.Nxe7+ Rxe7 17.Qd6 Rxe1+ 18.Rxe1 Qb6 19.c3 Qxd6 20.Bxd6 Bb7 21.Nh4 c4 22.Bd1 g6
23.Nf3 Rc6 24.Bf4 g5 25.Bg3 Nc5 26.Nd4 Ra6 27.a3 Nfe4 28.Nxb5 Rb6 29.a4 a6
30.Na3 Rxb2 31.Nxc4 Rb1 32.Rf1 Nxc3 33.Bh5 Rb4 34.Nd6 Bd5 35.a5 Ra4 36.Nf5 Be6
37.Ne7+ Kh7 38.Be5 Nd5 39.Nxd5 Bxd5 40.Bc7 Ne6 41.Bb6 Nf4 42.Bd1 Ra2 43.Bf3 Bxf3
44.gxf3 Kg6 45.h4 gxh4 46.Kh2 Nd5 47.Kh3 Nxb6 48.axb6 Rb2 49.Kxh4 Rxb6 50.Ra1 Kf5
51.Ra4 Ke5 52.Kh5 Rf6 53.f4+ Kd5 54.Kg4 Kc5 55.f5 Kb5 56.Re4 a5 57.Kf4 a4
58.Re5+ Kb4 59.Re7 Ra6 60.Rxf7 a3 61.Rg7 a2 62.Rg1 a1=Q 63.Rxa1 Rxa1 64.f6 Kc5
65.f7 Ra8 66.Kf5 Kd6 67.Kf6 h5 68.f4 h4 69.f5 h3 70.Kg7 h2 71.f6 Ke6  0-1

[Event "10th European Teams w"]
[Site "Warsaw POL"]
[Date "2013.11.16"]
[Round "8.3"]
[White "Videnova,I"]
[Black "Majdan,J"]
[Result "0-1"]
[WhiteElo "2272"]
[BlackElo "2420"]

1.e4 c5 2.Nf3 d6 3.Bb5+ Nd7 4.O-O a6 5.Bd3 g6 6.c3 Bg7 7.Bc2 c4 8.a4 Rb8
9.a5 Ne5 10.Nxe5 dxe5 11.Ba4+ Kf8 12.Bc2 Nf6 13.d3 Be6 14.d4 Ne8 15.d5 Bd7
16.Be3 Nd6 17.Bb6 Qc8 18.Qe2 h5 19.f4 h4 20.Nd2 Rh5 21.fxe5 Bxe5 22.Qf2 h3
23.g3 Bg4 24.Bd1 Bxd1 25.Raxd1 f6 26.Rde1 Kg8 27.Kh1 Qg4 28.Qe3 Rc8 29.Nf3 Nf7
30.Bc5 Qd7 31.Bb6 Kg7 32.Rg1 Nh6 33.Nxe5 Rxe5 34.g4 Rg5 35.Qf3 Nxg4 36.Be3 Ne5
37.Qe2 Rxg1+ 38.Rxg1 Rh8 39.Bd4 Qd6 40.Bxe5 Qxe5 41.Qg4 g5 42.Rg3 Kf7 43.Re3 Rh4
44.Qe2 Qf4 45.e5 Qf5 46.Rf3 Re4 47.e6+ Kg6 48.Rxf5 Rxe2 49.Rf1 Rd2 50.Kg1 f5
51.Rf3 Rd3 52.Rf1 Rxd5 53.Ra1 g4 54.Ra4 Rd1+ 55.Kf2 Rd2+ 56.Kg1 Rg2+ 57.Kh1 Rxb2
58.Kg1 Rg2+  0-1

[Event "4th Brno Open 2013"]
[Site "Brno CZE"]
[Date "2013.11.17"]
[Round "3.25"]
[White "Stary,Vladimir"]
[Black "Oglaza,Oskar"]
[Result "1/2-1/2"]
[WhiteElo "1794"]
[BlackElo "1572"]

1.e4 c5 2.Nf3 d6 3.Bb5+ Bd7 4.Bxd7+ Qxd7 5.c4 Nc6 6.Nc3 Nf6 7.d4 cxd4 8.Nxd4 g6
9.f3 Bg7 10.Be3 a6 11.a4 Ne5 12.b3 O-O 13.O-O Nc6 14.Rc1 e6 15.Qd2 Ne8 16.Nxc6 Qxc6
17.Rfd1 f5 18.exf5 Rxf5 19.Ne2 Rd8 20.Ng3 Rf7 21.Ne4 Be5 22.Qf2 Nf6 23.Nxf6+ Bxf6
24.Qg3 Be5 25.Qg4 Re8 26.Rd3 Rf5 27.Rcd1 Ref8 28.Qe4 Qxe4 29.fxe4 Rh5 30.g3 Rc8
31.Bd4 Bxd4+ 32.Rxd4 Re5 33.Kg2 Rf8 34.R1d2 Rf7 35.Rd1 Rf8  1/2-1/2

[Event "TCh-AUT 2nd Mitte 2013-14"]
[Site "Grieskirchen AUT"]
[Date "2013.11.17"]
[Round "5.3"]
[White "Burlacu,B"]
[Black "Ly,Daniel"]
[Result "1-0"]
[WhiteElo "2316"]
[BlackElo "2074"]

1.e4 c5 2.Nf3 d6 3.Bb5+ Bd7 4.Bxd7+ Qxd7 5.c4 Qg4 6.O-O Qxe4 7.d4 cxd4 8.Nxd4 Nc6
9.Nb5 O-O-O 10.Be3 a6 11.N1c3 Qf5 12.Nd4 Nxd4 13.Qxd4 e6 14.Qa7  1-0

[Event "4NCL 2013-14"]
[Site "Hinckley ENG"]
[Date "2013.11.17"]
[Round "2.112"]
[White "Hansen,Eric"]
[Black "Pert,R"]
[Result "1-0"]
[WhiteElo "2547"]
[BlackElo "2434"]

1.e4 c5 2.Nf3 d6 3.Bb5+ Nd7 4.O-O a6 5.Bd3 Ngf6 6.Re1 b5 7.c3 g5 8.Bc2 g4
9.Nh4 c4 10.a4 Bb7 11.axb5 axb5 12.Rxa8 Bxa8 13.d4 e6 14.g3 Be7 15.Bh6 Rg8
16.Nd2 d5 17.e5 Ne4 18.Ng2 Nb6 19.Ne3 Bc6 20.Nxg4 Na4 21.Nxe4 dxe4 22.Bc1 Nb6
23.Bxe4 Bxe4 24.Rxe4 Qa8 25.Qf3 h5 26.Nh6 Rg7 27.Kg2 Bf8 28.Rh4 Nd5 29.Rxh5 Qa1
30.Rg5 Rh7 31.Rg8 Qxc1 32.Ng4 Ke7 33.Nf6 Qh6 34.h4 Rg7 35.Nxd5+ exd5 36.Qf6+ Qxf6
37.exf6+ Kxf6 38.Rxf8 b4 39.Re8 b3 40.Kf3 Kg6 41.Re5 f6 42.Rxd5 Ra7 43.Rc5 Ra2
44.Rxc4 Rxb2 45.Rb4 Rb1 46.Rb5 b2 47.Kg4 f5+ 48.Kf4 Kh5 49.f3 Kg6 50.Rb6+  1-0

[Event "23rd World Seniors 2013"]
[Site "Opatija CRO"]
[Date "2013.11.20"]
[Round "8.59"]
[White "Ramos,C"]
[Black "Vrhovnik,D"]
[Result "0-1"]
[WhiteElo "2009"]
[BlackElo "2108"]

1.e4 c5 2.Nf3 d6 3.Bb5+ Nd7 4.c4 a6 5.Ba4 Nf6 6.Nc3 g6 7.O-O Bg7 8.d4 cxd4
9.Nxd4 O-O 10.Bc2 Qc7 11.Qe2 Ne5 12.Bb3 Bd7 13.Nc2 Rac8 14.Ne3 e6 15.f4 Nc6
16.Kh1 Nd4 17.Qd3 Nxb3 18.axb3 Rfd8 19.Bd2 Bc6 20.Rac1 b6 21.f5 Qb7 22.fxe6 fxe6
23.Rf4 g5 24.Rxf6 Bxf6 25.Ng4 Qe7 26.Qg3 Bg7 27.Re1 Kh8 28.Be3 b5 29.Bb6 Rd7
30.Rd1 b4 31.Nb1 Bxe4 32.Nd2 Bg6 33.Nf3 Be4 34.Be3 Bxf3 35.Qxf3 d5 36.Rc1 d4
37.Bd2 Rf8 38.Qc6 h5 39.Bxb4 Qxb4 40.Qxd7 Qd2 41.Rg1 hxg4 42.Qxe6 Qf4 43.g3 Qf3+
44.Rg2 Rf6 45.Qe8+ Kh7 46.Qh5+ Rh6 47.Qxg5 Qf1+ 48.Rg1  0-1

[Event "Bundesliga 2013-14"]
[Site "Baden-Baden GER"]
[Date "2013.11.23"]
[Round "3"]
[White "Boguslavskyy,O"]
[Black "Martin,St"]
[Result "1-0"]
[WhiteElo "2442"]
[BlackElo "2187"]

1.e4 c5 2.Nf3 d6 3.Bb5+ Bd7 4.Bxd7+ Qxd7 5.O-O Nf6 6.e5 dxe5 7.Nxe5 Qc7 8.Qe2 e6
9.Nc3 a6 10.d3 Bd6 11.f4 Nc6 12.Nxc6 Qxc6 13.f5 O-O 14.fxe6 Rae8 15.Rxf6 gxf6
16.Bh6 Kh8 17.Bxf8 Bxf8 18.Rf1 fxe6 19.Rxf6 Bg7 20.Rf1 Qb6 21.Qh5 Re7 22.Qg5 Rd7
23.Ne4 c4+ 24.Kh1 cxd3 25.Nc5 Qd8 26.Qd2 Rd5 27.Nxd3 Bxb2 28.Qh6 Bg7 29.Qxe6 Rd6
30.Qe4 b5 31.h3 Rd4 32.Qe3 Rd7 33.Qe4 Re7 34.Qc6 Re2 35.Qxa6 Rxc2 36.Qxb5 Rxa2
37.Ne5 Qa8 38.Nf3 Ra1 39.Rxa1 Qxa1+ 40.Kh2 h6 41.Qe8+ Kh7 42.Qe4+ Kh8 43.h4 Qa5
44.Kh3 Qb5 45.g4 Qb2 46.g5 hxg5 47.Kg4 Qf6 48.hxg5 Qa1 49.Qe8+ Kh7 50.g6+ Kh6
51.Qb5  1-0

[Event "4th Brno Open 2013"]
[Site "Brno CZE"]
[Date "2013.11.23"]
[Round "9.9"]
[White "Kotva,M"]
[Black "Tesar,J"]
[Result "0-1"]
[WhiteElo "1996"]
[BlackElo "2072"]

1.e4 c5 2.Nf3 d6 3.Bb5+ Bd7 4.a4 g6 5.O-O Bg7 6.Re1 Nc6 7.c3 Nf6 8.d4 cxd4
9.cxd4 O-O 10.Nc3 Bg4 11.Be3 d5 12.e5 Ne4 13.h3 Bf5 14.Rc1 Nb4 15.g4 Be6
16.Nd2 Nxd2 17.Qxd2 a6 18.Bf1 Qd7 19.Ne2 a5 20.Nf4 Qxa4 21.Rc7 Bc8 22.Rxe7 Rd8
23.Rc1 Nc6 24.Rc7 Bf8 25.Nd3 Nxd4 26.Bg2 Ne6 27.R7c2 Qb5 28.f4 d4 29.Bf2 Bh6
30.g5 Bf8 31.Be4 Ng7 32.Rc7 Qb6 33.Qc2 Qe6 34.Bg2 Ne8 35.Rc4 Qb6 36.Nc5 Bxc5
37.Rxc5 Ng7 38.Rxc8 Raxc8 39.Qxc8 Rxc8 40.Rxc8+ Ne8 41.Rxe8+ Kg7 42.Re7 Qd8
43.Rxb7 d3 44.Bf3 d2 45.Bd1 Qc8 46.Ra7 Qc1 47.e6 Qxd1+ 48.Kg2 Qe2 49.Rxf7+ Kg8
50.Rd7 d1=Q 51.Rxd1 Qxd1  0-1

[Event "UT Dallas IM Inv 2013"]
[Site "Dallas USA"]
[Date "2013.11.23"]
[Round "3.5"]
[White "Lenderman,A"]
[Black "Gater,Daniel"]
[Result "1-0"]
[WhiteElo "2537"]
[BlackElo "2115"]

1.e4 c5 2.Nf3 d6 3.Bb5+ Bd7 4.Bxd7+ Qxd7 5.c4 Nc6 6.Nc3 Nf6 7.d4 cxd4 8.Nxd4 g6
9.f3 Nxd4 10.Qxd4 Bg7 11.Be3 O-O 12.Qd3 Rfc8 13.O-O Qe6 14.b3 a6 15.Rac1 b5
16.cxb5 axb5 17.Qxb5 Ng4 18.fxg4 Bxc3 19.Qd3 Bb2 20.Rxc8+ Rxc8 21.Qd5 Qxd5
22.exd5 Ba3 23.Rb1 Rc3 24.Kf2 Bc5 25.Bxc5 Rxc5 26.a4 Kf8 27.b4 Rc2+ 28.Ke3 Ke8
29.b5 Kd7 30.a5 Kc7 31.b6+ Kb8 32.a6 Ra2 33.a7+ Kb7 34.g5 Ra3+ 35.Kd4 Ra4+
36.Kc3 Ra3+ 37.Kc4 e5 38.Kb5 Ra6 39.a8=Q+ Rxa8 40.Rf1 Rf8 41.Rf6 e4 42.Rxd6 Re8
43.Rd7+ Kc8 44.Rc7+ Kd8 45.Kc6  1-0

[Event "Bundesliga 2013-14"]
[Site "Hamburg GER"]
[Date "2013.11.23"]
[Round "3"]
[White "Abel,D"]
[Black "Mueller,Kars"]
[Result "0-1"]
[WhiteElo "2427"]
[BlackElo "2528"]

1.Nf3 c5 2.e4 d6 3.Bb5+ Nc6 4.O-O a6 5.Bxc6+ bxc6 6.e5 Bg4 7.h3 Bh5 8.Re1 e6
9.d3 d5 10.Nbd2 Ne7 11.b3 Nc8 12.Nf1 Be7 13.Ng3 Bg6 14.Bf4 Nb6 15.Qd2 h6
16.c4 a5 17.Qe2 a4 18.Red1 O-O 19.Qe3 Re8 20.Nh2 Nd7 21.Nf3 Bf8 22.h4 axb3
23.axb3 Qb6 24.h5 Bh7 25.Nd2 Ra5 26.Ne2 Rea8 27.Rac1 Qd8 28.g4 Qh4 29.Qf3 f5
30.Bg3 Qxg4 31.Qxg4 fxg4 32.d4 Ra3 33.Rc3 Ra1 34.Rcc1 R1a3 35.Rc3 Be7 36.cxd5 cxd5
37.dxc5 Bxc5 38.Nf4 Bf5 39.Rdc1 Ra1 40.Nf1 Rxc1 41.Rxc1 d4 42.Nd2 Bb4 43.Nc4 d3
44.Rd1 Nc5 45.Nd6 Bh7 46.Ng6 d2 47.Bf4 Nxb3 48.Kf1 Ra2 49.Nc4 Rc2 50.Ne3 Rc1
51.Ke2 Kf7 52.Nh8+ Ke7 53.Ng6+ Ke8 54.Bg3 Nd4+ 55.Kd3 Nf3 56.Ke2 Bxg6 57.hxg6 h5  0-1

[Event "Bundesliga 2013-14"]
[Site "Hamburg GER"]
[Date "2013.11.23"]
[Round "3"]
[White "Van Kampen,R"]
[Black "Kraemer,Mart"]
[Result "1/2-1/2"]
[WhiteElo "2607"]
[BlackElo "2546"]

1.e4 c5 2.Nf3 d6 3.Bb5+ Nd7 4.O-O a6 5.Bd3 Ngf6 6.Re1 e5 7.c3 Be7 8.Bf1 O-O
9.d4 Re8 10.d5 Nf8 11.a4 b6 12.Nbd2 Bd7 13.Nc4 b5 14.Ncxe5 dxe5 15.d6 Ng6
16.dxe7 Qxe7 17.Bg5 Bc6 18.Nd2 h6 19.Be3 bxa4 20.f3 Red8 21.Qc2 Qc7 22.Nc4 Nf4
23.Red1 Bb5 24.Qf2 Rxd1 25.Rxd1 Rb8 26.Rd2 Ne6 27.Qg3 Nh5 28.Qg4 Nf6 29.Qf5 Ne8
30.Nxe5 g6 31.Nxg6 N8g7 32.Qf6 fxg6 33.Qxg6 Bxf1 34.Kxf1 Qxh2 35.Bxh6 a3
36.Bxg7 Nxg7 37.bxa3 Qe5 38.Qxa6 Qxc3 39.Qd3 Qxd3+ 40.Rxd3 Ne6 41.Rc3 Kf7
42.f4 Kf6 43.g3 Rb2 44.Ke1 Rg2 45.Kd1 Nd4 46.Ke1 Re2+ 47.Kf1 Rxe4 48.Rxc5 Re3
49.Kf2 Rxa3 50.Rg5 Ra2+ 51.Ke3 Ne6 52.Rh5 Ra3+ 53.Kf2 Nd4 54.Rg5 Nf5  1/2-1/2

[Event "10th Vasylyshyn Memorial IM"]
[Site "Lviv UKR"]
[Date "2013.11.23"]
[Round "5"]
[White "Terletsky,O"]
[Black "Soroka,Danylo"]
[Result "1-0"]
[WhiteElo "2276"]
[BlackElo "2224"]

1.e4 c5 2.Nf3 d6 3.Bb5+ Bd7 4.Bxd7+ Qxd7 5.O-O Nc6 6.d4 cxd4 7.Nxd4 Nf6 8.Nc3 e6
9.Be3 Be7 10.f4 O-O 11.Qf3 Nxd4 12.Bxd4 Qc6 13.Rad1 Nd7 14.Rd3 Rac8 15.Rfd1 b5
16.Qh5 e5 17.Nd5 Bd8 18.Rc3 Qb7 19.Rh3 h6 20.Rg3 f6 21.Qxh6 Rf7 22.fxe5 dxe5
23.Bc3 Bb6+ 24.Kh1 Bf2 25.Rg4 Qc6 26.Qh5 Qc4 27.b3 Qc6 28.Rd3 g5 29.Rf3 Rh7
30.Qg6+ Rg7 31.Qf5 Bd4 32.Bb4 Qxc2 33.Ne7+ Kf7 34.Nxc8 Qxc8 35.Rf1 Qc6 36.Rxg5 Rxg5
37.Qxg5 Qxe4 38.Qh5+ Kg7 39.Qe8 Qd5 40.Rd1 f5 41.Bc3 Nf6 42.Qe7+ Kg6 43.Bxd4 exd4
44.Qe2 Ne4 45.Kg1 Kf6 46.Qd3 Ke5 47.h4 Nf6 48.Qg3+ Ke6 49.h5 Ng4 50.h6 Qc5
51.h7 d3+ 52.Kf1 Qd4 53.Rxd3  1-0

[Event "TCh-CZE Vychod 2013-14"]
[Site "Czech Rep CZE"]
[Date "2013.11.24"]
[Round "3.1"]
[White "Vyskocil,N"]
[Black "Sabol,M"]
[Result "1-0"]
[WhiteElo "2376"]
[BlackElo "2308"]

1.e4 c5 2.Nf3 d6 3.Bb5+ Bd7 4.Bxd7+ Qxd7 5.O-O Nc6 6.c3 Nf6 7.d4 cxd4 8.cxd4 Nxe4
9.d5 Ne5 10.Nxe5 dxe5 11.Re1 Nf6 12.Rxe5 O-O-O 13.Nc3 e6 14.Qb3 Nxd5 15.Nxd5 exd5
16.Bf4 Bc5 17.Qc3 Qc6 18.Rc1 Bd6 19.Qh3+  1-0

[Event "5th Pilsen Open 2013"]
[Site "Plzen CZE"]
[Date "2013.11.24"]
[Round "1"]
[White "Neuschmied,S"]
[Black "Simet,Martin"]
[Result "1-0"]
[WhiteElo "2227"]
[BlackElo "1757"]

1.e4 c5 2.Nf3 d6 3.Bb5+ Bd7 4.Bxd7+ Qxd7 5.c4 Nc6 6.Nc3 Nf6 7.d4 cxd4 8.Nxd4 g6
9.h3 Bg7 10.Be3 Rc8 11.b3 a6 12.a4 Qc7 13.O-O Qa5 14.Rc1 Nd7 15.Nde2 Nc5
16.Bd2 Nd3 17.Rb1 Qd8 18.Be3 Ncb4 19.Qd2 e6 20.Rfd1 f5 21.Na2 f4 22.Nxb4 fxe3
23.Qxd3 exf2+ 24.Kh1 O-O 25.Nc2 Rc7 26.Ne3 Rcf7 27.Rf1 Qh4 28.Ng4 h5 29.Nh2 Be5
30.Nd4 Bxd4 31.Qxd4 g5 32.Qxd6 g4 33.Qxe6 Kg7 34.hxg4 Rf6 35.Qe5 hxg4 36.g3 Qh3
37.Rxf2 Kg6 38.Rxf6+ Rxf6 39.Rd1 Qh6 40.Qe8+  1-0

[Event "Bundesliga 2013-14"]
[Site "Solingen GER"]
[Date "2013.11.24"]
[Round "4"]
[White "Howell,D"]
[Black "Bologan,V"]
[Result "1/2-1/2"]
[WhiteElo "2644"]
[BlackElo "2670"]

1.Nf3 c5 2.e4 d6 3.Bb5+ Nd7 4.O-O Nf6 5.Re1 a6 6.Bf1 b6 7.d3 Bb7 8.Nbd2 e6
9.c3 Ne5 10.d4 Nxf3+ 11.Qxf3 cxd4 12.cxd4 Be7 13.Bd3 O-O 14.Nf1 b5 15.Ng3 Nd7
16.Qg4 g6 17.Bh6 Re8 18.Rad1 Rc8 19.Bb1 Nf6 20.Qe2 Nd7 21.Qg4 Nf6 22.Qe2 Nd7
23.Qe3 Qb6 24.Qf3 Bf6 25.Be3 Qd8 26.Qg4 Bg7 27.Bg5 Qb6 28.Be3 Qd8 29.Bg5 Qb6
30.Be3 Rc4 31.Ne2 Qd8 32.Qg3 e5 33.d5 Bf6 34.Rc1 Qa5 35.f3 Rec8 36.Rxc4 Rxc4
37.Nc1 Qd8 38.Qf2 Bh4 39.g3 Bg5 40.Nb3 Bxe3 41.Qxe3 Rc8 42.Qa7 Rc7 43.Qe3 Nc5
44.Na5 Na4 45.Qd2 Rc8 46.Kg2 Qc7 47.Nb3 Qb6 48.h4 f6 49.Rf1 Nc5 50.Qa5 Qa7
51.Nc1 Nd7 52.Qd2 a5 53.h5 g5 54.g4 b4 55.Ne2 Nb6 56.b3 Rc5 57.Bd3 Bc8 58.Rc1 Rxc1
59.Qxc1 Bd7 60.Ng3 Qb7 61.a3 Na8 62.Nf1 Kf7 63.Ne3 Ke7 64.Nc4 Qa7 65.axb4 axb4
66.Qd2 Qc5 67.Ne3 Nc7 68.Nc2 Bb5 69.Nxb4 Qd4 70.Qc2 Qxb4 71.Qxc7+ Bd7 72.Qc2 h6
73.Bc4 Kd8 74.Kf1 Qa5 75.Qb2 Qb4 76.Qc1 Qa5 77.Qb2 Qb4 78.Qc1 Qa5 79.Ke2 Qa2+
80.Ke3 Qa7+ 81.Ke2 Qa2+ 82.Ke3 Qa7+ 83.Kd3 Qf2 84.Qe3 Qxe3+ 85.Kxe3 Kc7 86.Kd3 Kb6
87.Kc3 Ka5 88.Be2  1/2-1/2

[Event "TCh-AUT 2nd Ost 2013-14"]
[Site "Zwettl AUT"]
[Date "2013.11.24"]
[Round "4.3"]
[White "Kochetkova,J"]
[Black "Vlcek,S"]
[Result "1-0"]
[WhiteElo "2354"]
[BlackElo "2309"]

1.e4 c5 2.Nf3 d6 3.Bb5+ Bd7 4.c4 Nf6 5.Nc3 Nc6 6.d4 cxd4 7.Nxd4 g6 8.h3 Nxd4
9.Bxd7+ Qxd7 10.Qxd4 Bg7 11.O-O O-O 12.Qd3 Rfc8 13.Re1 Qe6 14.b3 Nd7 15.Bb2 a6
16.Qd2 Rab8 17.Rad1 Qe5 18.Ba1 Qc5 19.Nd5 Re8 20.Bxg7 Kxg7 21.Kh1 b5 22.cxb5 axb5
23.Rc1 Qa7 24.f4 Nf8 25.Qb2+ Kg8 26.e5 dxe5 27.Rxe5 Ne6 28.Rxe6 fxe6 29.Rc7 Rb7
30.Nxe7+ Rxe7 31.Rc8+ Kf7 32.Qh8 e5 33.f5 gxf5 34.Qg8+ Kf6 35.Rc6+  1-0

[Event "TCh-AUT 2nd Ost 2013-14"]
[Site "Zwettl AUT"]
[Date "2013.11.24"]
[Round "4.3"]
[White "Todor,R"]
[Black "Danner,G"]
[Result "0-1"]
[WhiteElo "2161"]
[BlackElo "2316"]

1.e4 c5 2.Nf3 d6 3.Bb5+ Bd7 4.Bxd7+ Nxd7 5.O-O g6 6.c4 Ne5 7.d3 Bg7 8.Nc3 e6
9.Be3 Nxf3+ 10.Qxf3 Ne7 11.Bg5 O-O 12.Bf6 Bxf6 13.Qxf6 Nc6 14.Qxd8 Rfxd8
15.Rfd1 a6 16.a3 Rab8 17.Rab1 b5 18.cxb5 axb5 19.b4 cxb4 20.axb4 Nd4 21.Kf1 Ra8
22.Ne2 Nxe2 23.Kxe2 d5 24.Ra1 Rxa1 25.Rxa1 dxe4 26.dxe4 Rd4 27.f3 Rxb4 28.Ra2 h5
29.Kd3 Kg7 30.Kc3 Rb1 31.Kc2 Rg1 32.Kd3 h4 33.Rb2 h3 34.gxh3 Rg5 35.f4 Rh5
36.e5 Rxh3+ 37.Ke4 Rh4 38.Kf3 g5 39.fxg5 b4 40.Kg3 Re4 41.h4 Kg6 42.Rh2 Kh5
43.Rf2 Rg4+ 44.Kf3 b3 45.Ke3 Rb4  0-1

[Event "XXVII Belgrade Trophy"]
[Site "Obrenovac SRB"]
[Date "2013.11.25"]
[Round "2.23"]
[White "Stamatovic,A"]
[Black "Smolovic,M"]
[Result "1/2-1/2"]
[WhiteElo "2156"]
[BlackElo "2343"]

1.e4 c5 2.Nf3 d6 3.Bb5+ Nd7 4.O-O Nf6 5.Re1 a6 6.Bf1 b6 7.b3 Bb7 8.d3 e6
9.Bb2 Be7 10.Nbd2 O-O 11.e5 Nxe5 12.Nxe5 dxe5 13.Bxe5 Nd5 14.Qg4 Bf6 15.Bxf6 Nxf6
16.Qg3 Nd5 17.Nc4 Nb4 18.Ne3 Rc8 19.a3 Nc6 20.Nc4 Nd4 21.Rac1 b5 22.Nd6 Rc7
23.b4 cxb4  1/2-1/2

[Event "10th Vasylyshyn Memorial GM"]
[Site "Lviv UKR"]
[Date "2013.11.26"]
[Round "8"]
[White "Vysochin,S"]
[Black "Golichenko,I"]
[Result "1-0"]
[WhiteElo "2525"]
[BlackElo "2451"]

1.e4 c5 2.Nf3 d6 3.Bb5+ Nd7 4.O-O a6 5.Bd3 Ngf6 6.c3 e5 7.Bc2 Be7 8.d4 O-O
9.a4 b6 10.dxe5 dxe5 11.c4 Qc7 12.Nc3 Rd8 13.a5 b5 14.cxb5 axb5 15.Nxb5 Qb8
16.Qe2 Ba6 17.Bd3 Nf8 18.Bc4 Ne6 19.Bg5 Nxg5 20.Nxg5 Bxb5 21.Bxb5 h6 22.Nf3 Nxe4
23.Bc6 Nd6 24.Bxa8 Qxa8 25.Qxe5 Bf6 26.Qxc5  1-0